| 000 | 00939nas a2200337 4500 | ||
|---|---|---|---|
| 001 | BR2016000618 | ||
| 003 | BR-BrBNA | ||
| 005 | 20231205130223.0 | ||
| 007 | ta | ||
| 008 | 230509b bl.|||p| |||| 00| 00por d | ||
| 040 |
_aBR-BrBNA _bpor _cBiblioteca Nacional de Agricultura |
||
| 041 | _a(En) | ||
| 072 | _aH60 | ||
| 100 | 1 | _aAraldi, R. | |
| 100 | 1 | _aVelini, E.D. | |
| 100 | 1 | _aGomes, G.L.G.C. | |
| 100 | 1 | _aTropaldi, L. | |
| 100 | 1 | _aSilva, I.P. de F. e | |
| 100 | 1 | _aCarbonari, C.A. | |
| 245 | 1 | _aPerformance of herbicides in sugarcane straw | |
| 650 | _aCANA DE AÇÚCAR | ||
| 650 | _aPALHA | ||
| 650 | _aERVA DANINHA | ||
| 650 | _aHERBICIDA | ||
| 650 | _aCOLHEITA MECÂNICA | ||
| 650 | _aREGRESSÃO LINEAR | ||
| 650 | _aSIMULAÇÃO | ||
| 773 | 0 |
_tCiência Rural (Brazil) _xISSN 0103-8478 _g(Dec 2015), v. 45(12) p. 2106-2112 _wBR2016000618 |
|
| 909 |
_a202311 _bLúcia _c55 _dLúcia Elande |
||
| 942 |
_2AGRIS _n0 _cANA |
||
| 999 |
_c248320 _d248320 |
||